Ascanio Vitozzi : un architetto tramanierismo e barroco
| Main Author: | |
|---|---|
| Format: | Section = Libro |
| Language: | Undetermined Spanish |
| Published: |
Roma
Officina Edizioni
1966
|
| Subjects: |
| LEADER | 00487nam a2200181Ia 4500 | ||
|---|---|---|---|
| 008 | 240829s9999 xx 000 0 und d | ||
| 040 | |a BIBLIOTECA-RUSB/ 724.1945 C257 | ||
| 041 | |a spa | ||
| 082 | |a 724.1945 C257 | ||
| 100 | 1 | |a Carboneri, Nino | |
| 245 | 1 | 0 | |a Ascanio Vitozzi : un architetto tramanierismo e barroco |
| 260 | |a Roma |b Officina Edizioni |c 1966 | ||
| 300 | |a 241 p. :il. | ||
| 650 | 7 | |a ARQUITECTURA BARROCA | |
| 650 | 7 | |b ARQUITECTOS | |
| 942 | |c BK |2 ddc | ||
| 991 | |a TEXTO | ||
| 999 | |c 5188 | ||